000 00433nam a2200181Ia 4500
003 OSt
005 20231106152205.0
008 210210b1995 xxu||||| |||| 00| 0 eng d
040 _cAL
041 _aeng
082 _a519/1 UGC
100 _aSHARMA (S D)
_9141005
245 _aOperations research
260 _aMeerut
_bKedar Nath Ram Nath
_c1995
690 _aOperations Research
_9141006
906 _a049572
942 _2ddc
_cBK
999 _c128628
_d128628